|
|
|
|
| LEADER |
01433nam a2200397Ia 4500 |
| 001 |
EBC308205 |
| 003 |
MiAaPQ |
| 005 |
20200520144314.0 |
| 006 |
m o d | |
| 007 |
cr cn||||||||| |
| 008 |
050316s2005 nyua sb 001 0 eng d |
| 010 |
|
|
|z 2005046427
|
| 020 |
|
|
|z 1403982112
|
| 020 |
|
|
|z 140396985X
|
| 020 |
|
|
|z 1403969868 (pbk.)
|
| 035 |
|
|
|a (MiAaPQ)EBC308205
|
| 035 |
|
|
|a (Au-PeEL)EBL308205
|
| 035 |
|
|
|a (CaPaEBR)ebr10135730
|
| 035 |
|
|
|a (CaONFJC)MIL136549
|
| 035 |
|
|
|a (OCoLC)560470962
|
| 040 |
|
|
|a MiAaPQ
|c MiAaPQ
|d MiAaPQ
|
| 050 |
|
4 |
|a JA66
|b .S46 2005
|
| 100 |
1 |
|
|a Shivakumar, Sujai.
|
| 245 |
1 |
4 |
|a The constitution of development
|h [electronic resource] :
|b crafting capabilities for self-governance /
|c Sujai Shivakumar.
|
| 250 |
|
|
|a 1st ed.
|
| 260 |
|
|
|a New York :
|b Palgrave Macmillan,
|c 2005.
|
| 300 |
|
|
|a xii, 180 p. :
|b ill.
|
| 504 |
|
|
|a Includes bibliographical references (p. [135]-175) and index.
|
| 533 |
|
|
|a Electronic reproduction. Ann Arbor, MI : ProQuest, 2015. Available via World Wide Web. Access may be limited to ProQuest affiliated libraries.
|
| 650 |
|
0 |
|a Political science.
|
| 650 |
|
0 |
|a State, The.
|
| 650 |
|
0 |
|a Political development
|v Case studies.
|
| 650 |
|
0 |
|a Economic development
|v Case studies.
|
| 655 |
|
4 |
|a Electronic books.
|
| 710 |
2 |
|
|a ProQuest (Firm)
|
| 856 |
4 |
0 |
|u https://ebookcentral.proquest.com/lib/matrademy/detail.action?docID=308205
|z Click to View
|